LIBRARY & INFORMATION CENTRE, KCAET, TAVANUR

ONLINE PUBLIC ACCESS CATALOGUE (OPAC)

Kalathinte Kalpadukal / (Record no. 915)

MARC details
000 -LEADER
fixed length control field 00414cam a2200169ua 4500
041 ## - LANGUAGE CODE
Language code of text/sound track or separate title mal
082 ## - DEWEY DECIMAL CLASSIFICATION NUMBER
Classification number 894.8124
Item number KUN/KA
100 ## - MAIN ENTRY--AUTHOR NAME
Personal name Kunhikrishnan, .
245 ## - TITLE STATEMENT
Title Kalathinte Kalpadukal /
260 ## - PUBLICATION, DISTRIBUTION, ETC. (IMPRINT)
Place of publication Ernakulam :
Name of publisher Thilakam Publications ,
Year of publication 1961.
300 ## - PHYSICAL DESCRIPTION
Number of Pages 144 ; .
942 ## - ADDED ENTRY ELEMENTS (KOHA)
Koha item type Books
Holdings
Withdrawn status Lost status Damaged status Home library Current library Date acquired Full call number Accession Number Koha item type
Withdrawn     KAUAET Sanskrit University 07/04/2012 894.8124 4678 Books
free website counter